Rekordsieger UEFA Europa League und UEFA Cup - Statistiken

Allgemein
  • Dieses Quiz wurde 73 mal gespielt
    18 seit der letzten Aktualisierung
  • Das Durchschnittsergebnis liegt bei 17 aus 31
Antwortstatistiken
Titel Team % Korrekt
7 FC Sevilla
100%
2 Eintracht Frankfurt
78%
1 Manchester United
78%
1 Aston Villa
72%
3 Atlético Madrid
72%
2 FC Chelsea
72%
3 Tottenham Hotspurs
72%
1 FC Bayern München
67%
1 FC Schalke 04
67%
3 Inter Mailand
67%
2 Real Madrid
67%
2 FC Porto
61%
1 Galatasaray Istanbul
61%
3 Juventus Turin
61%
1 Ajax Amsterdam
56%
3 FC Liverpool
56%
1 FC Valencia
56%
1 Zenit St. Petersburg
56%
1 PSV Eindhoven
50%
1 Shakhtar Donetsk
50%
1 SSC Neapel
50%
1 Bayer 04 Leverkusen
44%
2 Borussia Mönchengladbach
44%
2 Feyenoord Rotterdam
44%
1 RSC Anderlecht
44%
1 ZSKA Moskau
39%
2 AC Parma
33%
1 Atalanta Bergamo
33%
2 IFK Göteborg
33%
1 Ipswich Town
28%
1 FC Villarreal
22%
Keine übereinstimmenden Quizze gefunden
Verteilung der Resultate
Anzahl Personen mit jedem Resultat
Perzentil nach korrekt beantworteten Fragen
Ihre Resultats-Entwicklung
Sie haben dieses Quiz seit der letzten Aktualisierung nicht gespielt